<?xml version="1.0" encoding="UTF-8"?>
<record
    xmlns:xsi="http://www.w3.org/2001/XMLSchema-instance"
    xsi:schemaLocation="http://www.loc.gov/MARC21/slim http://www.loc.gov/standards/marcxml/schema/MARC21slim.xsd"
    xmlns="http://www.loc.gov/MARC21/slim">

  <leader>01960nam1a22003491i 4500</leader>
  <controlfield tag="001">RU\NLR\19V\935706</controlfield>
  <controlfield tag="005">20260407113558.0</controlfield>
  <datafield tag="035" ind1=" " ind2=" ">
    <subfield code="a">(NLR Aleph) 010506196</subfield>
  </datafield>
  <datafield tag="090" ind1=" " ind2=" ">
    <subfield code="a">10157414</subfield>
    <subfield code="c">10157414</subfield>
  </datafield>
  <datafield tag="100" ind1=" " ind2=" ">
    <subfield code="a">20141014g18171821k  y0rusy50      ca</subfield>
  </datafield>
  <datafield tag="101" ind1="0" ind2=" ">
    <subfield code="a">rus</subfield>
  </datafield>
  <datafield tag="102" ind1=" " ind2=" ">
    <subfield code="a">RU</subfield>
  </datafield>
  <datafield tag="140" ind1=" " ind2=" ">
    <subfield code="a">y   y    zz        yaa0000  </subfield>
  </datafield>
  <datafield tag="200" ind1="1" ind2=" ">
    <subfield code="a">&#x416;&#x443;&#x440;&#x43D;&#x430;&#x43B; &#x441;&#x43E;&#x431;&#x440;&#x430;&#x43D;&#x438;&#x44F; &#x43A;&#x43E;&#x43D;&#x444;&#x435;&#x440;&#x435;&#x43D;&#x446;&#x438;&#x438; &#x421;&#x430;&#x43D;&#x43A;&#x442;&#x43F;&#x435;&#x442;&#x435;&#x440;&#x431;&#x443;&#x440;&#x433;&#x441;&#x43A;&#x43E;&#x439; &#x434;&#x443;&#x445;&#x43E;&#x432;&#x43D;&#x43E;&#x439; &#x430;&#x43A;&#x430;&#x434;&#x435;&#x43C;&#x438;&#x438;...</subfield>
  </datafield>
  <datafield tag="210" ind1=" " ind2=" ">
    <subfield code="a">&#x421;&#x430;&#x43D;&#x43A;&#x442;&#x43F;&#x435;&#x442;&#x435;&#x440;&#x431;&#x443;&#x440;&#x433;</subfield>
    <subfield code="c">&#x432; &#x41C;&#x43E;&#x440;&#x441;&#x43A;&#x43E;&#x439; &#x442;&#x438;&#x43F;&#x43E;&#x433;&#x440;&#x430;&#x444;&#x438;&#x438;</subfield>
    <subfield code="d">1817-1821</subfield>
  </datafield>
  <datafield tag="215" ind1=" " ind2=" ">
    <subfield code="d">8&#xB0;</subfield>
  </datafield>
  <datafield tag="300" ind1=" " ind2=" ">
    <subfield code="a">&#x426;&#x435;&#x43D;&#x437;.: &#x418;&#x43D;&#x43D;&#x43E;&#x43A;&#x435;&#x43D;&#x442;&#x438;&#x439; (&#x418;. &#x414;. &#x421;&#x43C;&#x438;&#x440;&#x43D;&#x43E;&#x432;) (...&#x438;&#x44E;&#x43B;&#x44F; 18 &#x434;&#x43D;&#x44F; 1817 &#x433;&#x43E;&#x434;&#x430;); &#x41F;&#x43E;&#x43B;&#x438;&#x43A;&#x430;&#x440;&#x43F; (&#x41F;. &#x415;. &#x413;&#x43E;&#x439;&#x442;&#x430;&#x43D;&#x43D;&#x438;&#x43A;&#x43E;&#x432;) (...&#x430;&#x432;&#x433;&#x443;&#x441;&#x442;&#x430; 9 &#x434;&#x43D;&#x44F; 1819 &#x433;&#x43E;&#x434;&#x430;; ...28 &#x438;&#x44E;&#x43B;&#x44F; 1821 &#x433;&#x43E;&#x434;&#x430;)</subfield>
  </datafield>
  <datafield tag="321" ind1="1" ind2=" ">
    <subfield code="a">&#x421;&#x41A; 1801-1825 6434-6436</subfield>
  </datafield>
  <datafield tag="518" ind1="1" ind2=" ">
    <subfield code="a">&#x416;&#x443;&#x440;&#x43D;&#x430;&#x43B; &#x441;&#x43E;&#x431;&#x440;&#x430;&#x43D;&#x438;&#x44F; &#x43A;&#x43E;&#x43D;&#x444;&#x435;&#x440;&#x435;&#x43D;&#x446;&#x438;&#x438; &#x421;&#x430;&#x43D;&#x43A;&#x442;-&#x41F;&#x435;&#x442;&#x435;&#x440;&#x431;&#x443;&#x440;&#x433;&#x441;&#x43A;&#x43E;&#x439; &#x434;&#x443;&#x445;&#x43E;&#x432;&#x43D;&#x43E;&#x439; &#x430;&#x43A;&#x430;&#x434;&#x435;&#x43C;&#x438;&#x438;...</subfield>
  </datafield>
  <datafield tag="620" ind1=" " ind2=" ">
    <subfield code="d">&#x421;&#x430;&#x43D;&#x43A;&#x442;-&#x41F;&#x435;&#x442;&#x435;&#x440;&#x431;&#x443;&#x440;&#x433;</subfield>
  </datafield>
  <datafield tag="702" ind1=" " ind2="0">
    <subfield code="4">190</subfield>
    <subfield code="8">rus</subfield>
    <subfield code="7">ca</subfield>
    <subfield code="a">&#x41F;&#x43E;&#x43B;&#x438;&#x43A;&#x430;&#x440;&#x43F;</subfield>
    <subfield code="c">&#x413;&#x43E;&#x439;&#x442;&#x430;&#x43D;&#x43D;&#x438;&#x43A;&#x43E;&#x432;, &#x41F;&#x435;&#x442;&#x440; &#x415;&#x444;&#x438;&#x43C;&#x43E;&#x432;&#x438;&#x447;</subfield>
    <subfield code="c">&#x430;&#x440;&#x445;&#x438;&#x43C;&#x430;&#x43D;&#x434;&#x440;&#x438;&#x442;</subfield>
    <subfield code="f">1787-1837</subfield>
    <subfield code="3">RU\NLR\AUTH\7792559</subfield>
    <subfield code="9">75486</subfield>
  </datafield>
  <datafield tag="702" ind1=" " ind2="0">
    <subfield code="4">190</subfield>
    <subfield code="8">rus</subfield>
    <subfield code="7">ca</subfield>
    <subfield code="a">&#x418;&#x43D;&#x43D;&#x43E;&#x43A;&#x435;&#x43D;&#x442;&#x438;&#x439;</subfield>
    <subfield code="c">&#x421;&#x43C;&#x438;&#x440;&#x43D;&#x43E;&#x432;, &#x418;&#x43B;&#x43B;&#x430;&#x440;&#x438;&#x43E;&#x43D; &#x414;&#x43C;&#x438;&#x442;&#x440;&#x438;&#x435;&#x432;&#x438;&#x447;</subfield>
    <subfield code="c">&#x435;&#x43F;&#x438;&#x441;&#x43A;&#x43E;&#x43F;</subfield>
    <subfield code="f">1784-1819</subfield>
    <subfield code="3">RU\NLR\AUTH\7710299</subfield>
    <subfield code="9">120078</subfield>
  </datafield>
  <datafield tag="710" ind1="0" ind2="2">
    <subfield code="a">&#x41F;&#x435;&#x442;&#x435;&#x440;&#x431;&#x443;&#x440;&#x433;&#x441;&#x43A;&#x430;&#x44F; &#x434;&#x443;&#x445;&#x43E;&#x432;&#x43D;&#x430;&#x44F; &#x430;&#x43A;&#x430;&#x434;&#x435;&#x43C;&#x438;&#x44F;</subfield>
    <subfield code="3">RU\NLR\AUTH\8810077</subfield>
    <subfield code="9">292697</subfield>
  </datafield>
  <datafield tag="712" ind1="0" ind2="1">
    <subfield code="4">610</subfield>
    <subfield code="a">&#x420;&#x43E;&#x441;&#x441;&#x438;&#x44F;</subfield>
    <subfield code="b">&#x41C;&#x43E;&#x440;&#x441;&#x43A;&#x43E;&#x435; &#x43C;&#x438;&#x43D;&#x438;&#x441;&#x442;&#x435;&#x440;&#x441;&#x442;&#x432;&#x43E;</subfield>
    <subfield code="b">&#x422;&#x438;&#x43F;&#x43E;&#x433;&#x440;&#x430;&#x444;&#x438;&#x44F;</subfield>
    <subfield code="3">RU\NLR\AUTH\889944172</subfield>
    <subfield code="9">383522</subfield>
  </datafield>
  <datafield tag="801" ind1=" " ind2="0">
    <subfield code="a">RU</subfield>
    <subfield code="b">NLR</subfield>
    <subfield code="c">20141014</subfield>
    <subfield code="g">psbo</subfield>
  </datafield>
  <datafield tag="801" ind1=" " ind2="1">
    <subfield code="a">RU</subfield>
    <subfield code="b">NLR</subfield>
    <subfield code="c">20141014</subfield>
    <subfield code="2">rusmarc</subfield>
  </datafield>
  <datafield tag="801" ind1=" " ind2="2">
    <subfield code="a">RU</subfield>
    <subfield code="b">NLR</subfield>
    <subfield code="c">20141014</subfield>
    <subfield code="2">rusmarc</subfield>
  </datafield>
  <datafield tag="852" ind1=" " ind2=" ">
    <subfield code="a">NLR</subfield>
    <subfield code="j">18.51.3.81 (...28 &#x438;&#x44E;&#x43B;&#x44F; 1821 &#x433;&#x43E;&#x434;&#x430;)</subfield>
  </datafield>
  <datafield tag="852" ind1=" " ind2=" ">
    <subfield code="a">NLR</subfield>
    <subfield code="j">18.101.7.389 (...&#x430;&#x432;&#x433;&#x443;&#x441;&#x442;&#x430; 9 &#x434;&#x43D;&#x44F; 1819 &#x433;&#x43E;&#x434;&#x430;)</subfield>
  </datafield>
  <datafield tag="852" ind1=" " ind2=" ">
    <subfield code="a">NLR</subfield>
    <subfield code="j">138/1286 (2) (...&#x438;&#x44E;&#x43B;&#x44F; 18 &#x434;&#x43D;&#x44F; 1817 &#x433;&#x43E;&#x434;&#x430;)</subfield>
  </datafield>
  <datafield tag="942" ind1=" " ind2=" ">
    <subfield code="c">BOOK</subfield>
  </datafield>
</record>
